000 00745nam a2200253Ia 4500
003 OSt
005 20221005060230.0
006 a|||||r|||| 00| 0
007 ta
008 221004b |||||||| |||| 00| 0 eng d
020 _a9780415410182 (hbk)
_c6076.5
024 _a87360
037 _b11250, 14/12/2007, Overseas Press
_cTextual
040 _aCRL
_cCRL
_beng
041 _2eng
_aeng
082 _aQ4, P7
100 _aHarris Ian Ed.
_9596640
245 0 _aBuddhism power and political order
260 _aLondon
_bRouteldge Taylor & Francis Group UK
_c2007
300 _axvi,237p.
_ccm.
650 _aRELIGION
942 _hQ4, P7
_cTEXL
_2cc
999 _c966386
_d966386